Méchants de films d'horreur - Statistiques

Statistiques générales
  • Ce quiz a été pris 394 fois
  • Le résultat moyen est 14 sur 43
Statistiques - réponses
Par images Réponse % Correct
Chucky
90%
Annabelle
88%
Freddy Krueger
79%
Michael Myers
71%
Ghostface
59%
Hannibal Lecter
57%
Dracula
54%
Megan
54%
Xénomorphe
49%
Esther
47%
Jason Voorhees
46%
Nosferatu
46%
Leatherface
45%
Art le clown
40%
Norman Bates
39%
Grippe-Sou
38%
Pinhead
36%
Valak
36%
Candyman
33%
Babadook
31%
Christine
31%
John Kramer
29%
Leprechaun
29%
Patrick Bateman
28%
Pearl
27%
Tiffany
27%
Jack Torrance
25%
Cujo
24%
Sadako
22%
FaceHugger
20%
Pazuzu
19%
Jennifer
18%
Abigail
17%
Bruce
14%
Creeper
14%
Annie Wilkes
13%
Lestat
9%
Kayako
8%
Critters
7%
Deborah Logan
6%
Victor Crowley
6%
Kakihara
3%
Mary Shaw
3%
Aucun quiz correspondant
Distribution des résultats
% des personnes avec chaque résultat
Percentile par nombre de réponses
Votre historique - résultats
Vous n’avez pas pris ce quiz